| 000 | 00404pam a2200181a 44500 | ||
|---|---|---|---|
| 008 | 230405s2001 xxu||||| |||| 00| 0 eng d | ||
| 041 | _aENG | ||
| 100 | _aNAGRATH.I | ||
| 245 | _aSIGNALS AND SYSTEMS | ||
| 250 | _a2001 | ||
| 260 |
_aNEW DELHI _bTATA MCGRAW HILL PUB _c2001 |
||
| 300 | _aP.B,X,606 | ||
| 650 | _aE&TC | ||
| 690 | _aE&TC | ||
| 700 | _aRAJAN.R | ||
| 700 | _aSHARAN.S | ||
| 906 | _a456 | ||
| 999 |
_c814651 _d814651 |
||